000
00303nam a2200109Ia 4500
008
230724s9999 xx und d
041
_a
eng
100
_a
BERKE PHILIP R. & GODSCHALK DAVID R.
245
_a
URBAN LAND USE PLANNING
260
_b
BOARD OF INTERNATIOANL RESEARCH IN DESIGN
300
_a
492
999
_c
1176261
_d
1176261